000 00972nam a2200205 a 4500
001 49228
005 20180714033833.0
008 140415s2000 xxu 000 0 eng d
020 _a0130950696
041 _aeng
082 _a006.35
_bJUR
100 1 _aJURAFSKY, DANIEL
245 1 0 _aSPEECH AND LANGUAGE PROCESSING
250 _a1a ed.
260 _aESTADOS UNIDOS DE AMERICA :
_bPRENTICE-HALL, INC.,
_c2000
300 _a513
_c23.5 x 18 x 4.9
520 _aINIFIES AND COMPREHENSIVE COVERAGE OF THE FIELD: COVER THE FUNDAMENTAL ALGORITHMS OF EACH FIELD, WHETHER PROPOSED FOR SPOKEN OR WRITTEN LAGUAGE, WHETHER LOGICAL OR STATISTICAL IN ORIGIN. EMPHASIS ON WEB AND OTHER PRACTICAL APPLICATIONS: GIVES READERS AN UNDERTANDING OF HOW LANGUAGE-RELATED ALGORITHMS CAN BE APPLIED TO IMPORTANT REAL-WORLD PROBLEMS.
650 1 4 _aLENGUAJE NATURAL
_xPROCESAMIENTO (CIENCIA DE LOS COMPUTADORE
_xPROGRAMACION, LENGUAJES
700 1 _aMARTIN, JAMES H.
_ecoaut.
999 _c49228
_d49228